Signal processing selected topics

Gespeichert in:
Bibliographische Detailangaben
1. Verfasser: PARTHASARATHY, Harish
Format: Buch
Sprache:Englisch
Veröffentlicht: Ane Books 2019
Tags: Tag hinzufügen
Keine Tags, Fügen Sie den ersten Tag hinzu!

MARC

LEADER 00000nam a22000007a 4500
008 240305b |||||||| |||| 00| 0 eng d
020 |a 9789382127851 
100 |a PARTHASARATHY, Harish 
245 |a Signal processing  |b selected topics  |g ix, 501p;ill 
260 |b Ane Books  |c 2019  |h New Delhi  |i 701514  |i 701515  |l TK5102.9.P21  |m Signal processing 
500 |a it includes index 
942 |a lcc  |c BK  |e Johnson  |f 05/04/24 
952 |0 0  |1 0  |2 lcc  |4 0  |6 TK51029 P21  |7 0  |9 4943  |a TL  |b HOL  |c QZ  |d 2024-03-05  |l 0  |o TK5102.9.P21  |p 2024-0194  |r 2024-03-05 00:00:00  |t 701514  |w 2024-03-05  |y BK 
952 |0 0  |1 0  |2 lcc  |4 0  |6 TK51029 P21  |7 0  |9 4944  |a HOL  |b HOL  |c QZ  |d 2024-03-05  |l 0  |o TK5102.9.P21  |p 2024-0195  |r 2024-03-05 00:00:00  |t 701515  |w 2024-03-05  |y BK 
999 |c 2452  |d 2452